000 00763nam a2200205 a 4500
001 000032372
005 20200930065615.0
008 110714s1969 ve 000 0 spa d
040 _aDO-SdBNP
_bspa
_cBNPHU
082 _axxxx
_bS775a
100 1 _aStabb, Martin S.
_958359
240 0 _aIn quest of identity
245 1 0 _aAmérica Latina en busca de una identidad :
_bmodelos del ensayo ideológico hispanoamericano, 1990-1960 /
_cMartin S. Stabb; traductor Mario Giacchino.
260 _aVenezuela :
_bMonte Avila Editores,
_c1969.
300 _a347 p. ;
_c19 p.
504 _aBibliografía : p. 331-347
534 _pPublicado originalmente :
_cNort Carolina : The University of Carolina Press, 1967.
546 _aTexto original en inglés
049 _aBNPD
999 _c31863
_d31863